<?xml version="1.0" encoding="UTF-8"?>
<marc:record xmlns:marc="http://www.loc.gov/MARC21/slim">
   <marc:leader>00000nam a2200000 a 4500</marc:leader>
   <marc:datafield ind1="1" ind2=" " tag="100">
      <marc:subfield code="a">Izquierdo, Andreas</marc:subfield>
      <marc:subfield code="4">aut</marc:subfield>
      <marc:subfield code="e">Verfasser/-in</marc:subfield>
   </marc:datafield>
   <marc:datafield ind1=" " ind2=" " tag="653">
      <marc:subfield code="a">Roman</marc:subfield>
   </marc:datafield>
   <marc:datafield ind1=" " ind2=" " tag="653">
      <marc:subfield code="a">Romantik</marc:subfield>
   </marc:datafield>
   <marc:datafield ind1=" " ind2=" " tag="653">
      <marc:subfield code="a">Freundschaft zwischen Generationen</marc:subfield>
   </marc:datafield>
   <marc:datafield ind1=" " ind2=" " tag="653">
      <marc:subfield code="a">Freundschaft</marc:subfield>
   </marc:datafield>
   <marc:datafield ind1=" " ind2=" " tag="653">
      <marc:subfield code="a">Schüchternheit</marc:subfield>
   </marc:datafield>
   <marc:datafield ind1=" " ind2=" " tag="653">
      <marc:subfield code="a">Humor</marc:subfield>
   </marc:datafield>
   <marc:datafield ind1=" " ind2=" " tag="653">
      <marc:subfield code="a">Liebe</marc:subfield>
   </marc:datafield>
   <marc:datafield ind1=" " ind2=" " tag="653">
      <marc:subfield code="a">Ungleiches Paar</marc:subfield>
   </marc:datafield>
   <marc:datafield ind1=" " ind2=" " tag="653">
      <marc:subfield code="a">Drama</marc:subfield>
   </marc:datafield>
   <marc:datafield ind1=" " ind2=" " tag="653">
      <marc:subfield code="a">Große Gefühle</marc:subfield>
   </marc:datafield>
   <marc:datafield ind1=" " ind2=" " tag="653">
      <marc:subfield code="a">Unterhaltung</marc:subfield>
   </marc:datafield>
   <marc:datafield ind1=" " ind2=" " tag="653">
      <marc:subfield code="a">Erzählende Literatur: Gegenwartsliteratur ab 1945</marc:subfield>
   </marc:datafield>
   <marc:datafield ind1="0" ind2="0" tag="245">
      <marc:subfield code="a">Fräulein Hedy träumt vom Fliegen</marc:subfield>
   </marc:datafield>
   <marc:datafield ind1="0" ind2="0" tag="245">
      <marc:subfield code="b">Roman</marc:subfield>
   </marc:datafield>
   <marc:datafield ind1="0" ind2="0" tag="245">
      <marc:subfield code="c">Andreas Izquierdo</marc:subfield>
   </marc:datafield>
   <marc:datafield ind1=" " ind2="1" tag="264">
      <marc:subfield code="a">Berlin</marc:subfield>
      <marc:subfield code="b">Insel Verlag</marc:subfield>
      <marc:subfield code="c">2019</marc:subfield>
   </marc:datafield>
   <marc:datafield ind1="1" ind2=" " tag="490">
      <marc:subfield code="a">insel taschenbuch</marc:subfield>
      <marc:subfield code="v">4702</marc:subfield>
   </marc:datafield>
   <marc:datafield ind1=" " ind2=" " tag="250">
      <marc:subfield code="a">Erste Auflage</marc:subfield>
   </marc:datafield>
   <marc:datafield ind1="1" ind2=" " tag="520">
      <marc:subfield code="a">Angaben aus der Verlagsmeldung

Fräulein Hedy träumt vom Fliegen : Roman / von Andreas Izquierdo

»Dame in den besten Jahren sucht Kavalier, der sie zum Nacktbadestrand fährt. Entgeltung garantiert.« – Eine Annonce in der örtlichen Tageszeitung bringt alles ins Rollen: Hedy von Pyritz, 88 Jahre, diszipliniert, scharfzüngig, eitel. Hellwacher Verstand, trockener Humor, zuweilen übergriffig. Eine alte Dame, die meist im Rollstuhl sitzt, sorgt für einen handfesten Skandal in dem kleinen Städtchen im Münsterland, wo sie herrschaftlich residiert.
Aber Fräulein Hedy bleibt unbeirrt: Sie wird ihren Willen durchsetzen! Und findet in ihrem schüchternen, sanften Physiotherapeuten Jan einen Mitstreiter. Vielmehr nötigt sie ihn förmlich dazu. Der junge Mann wird sie fahren. Basta!
Jan hat keinen Führerschein, dafür aber eine nie behandelte Lese-Rechtschreibschwäche, so dass Hedy den Unterricht übernimmt und sich schon bald eine ungewöhnliche Beziehung zwischen den beiden festigt. So vertraut sie ihm nach und nach die Geheimnisse ihrer schillernden Vergangenheit an und verändert damit auf ungeahnte Weise seine Zukunft ...

Andreas Izquierdo erzählt in seinem Roman die Geschichte einer Freundschaft zwischen einer alten Frau und einem jungen Mann, die beide für immer verändert – eine Geschichte, die federleicht beginnt und sich dann zu einem wuchtigen, mitreißenden Drama entwickelt.

</marc:subfield>
   </marc:datafield>
   <marc:datafield ind1=" " ind2=" " tag="020">
      <marc:subfield code="a">9783458364023</marc:subfield>
      <marc:subfield code="9">9783458364023</marc:subfield>
   </marc:datafield>
   <marc:datafield ind1=" " ind2=" " tag="020">
      <marc:subfield code="a">3458364021</marc:subfield>
      <marc:subfield code="9">3458364021</marc:subfield>
   </marc:datafield>
   <marc:datafield ind1=" " ind2=" " tag="041">
      <marc:subfield code="a">ger</marc:subfield>
   </marc:datafield>
   <marc:datafield ind1=" " ind2=" " tag="300">
      <marc:subfield code="a">527 Seiten</marc:subfield>
   </marc:datafield>
</marc:record>
